000 00455nam a2200145Ia 4500
008 151213s9999 xx 000 0 und d
100 _aসৈয়দ শাহ আলম
245 _aশান্তি দর্শন
_cসৈয়দ শাহ আলম
260 _aঢাকা
_bপালোমা
_c2008
300 _a7174 p.
650 _aBangla
650 _aBangla Literature
700 _aসৈয়দ শাহ আলম
999 _c3814
_d3814